The globalization of News

Αποθηκεύτηκε σε:
Λεπτομέρειες βιβλιογραφικής εγγραφής
Άλλοι συγγραφείς: Boyd-Barrett, Oliver (Επιμελητής έκδοσης), Rantanen, Terhi (Επιμελητής έκδοσης)
Μορφή: Βιβλίο
Γλώσσα:English
Δημοσίευση: London : Sage publications, 1998
Θέματα:
Ετικέτες: Προσθήκη ετικέτας
Δεν υπάρχουν, Καταχωρήστε ετικέτα πρώτοι!

MARC

LEADER 00000nam a2200000 i 4500
001 1/13773
008 001129s1998 eng d
020 |a 0-7619-5387-6 
035 |l 10064748 
040 |a GR-MY-UA  |b gre  |e aacr 
041 0 |a eng 
082 0 |a 070.435 
245 1 4 |a The globalization of News /  |c Edited by Oliver Boyd-Barrett and Tehri Rantanen 
260 |a London :   |b Sage publications,   |c 1998 
300 |a 230 p. 
504 |a Includes bibliographicalk references and index 
650 0 0 |a News agencies. 
650 0 0 |a Foreign news. 
700 1 |a Boyd-Barrett, Oliver.  |4 edt 
700 1 |a Rantanen, Terhi.  |4 edt 
852 |a INST  |b LESVOS  |e 20001129  |h 070.435 GLO  |p 005100029391  |q 005100029391  |t BK  |y 0 
901 |a BIBL1-2000-3 
909 |a Λ  |b 082752 
922 |a 1ΕΛΗ  |b 200011  |c ΚΠΣ/ΠΤΕ  |d ΜΙΧΑΛΟΠΟΥΛΟΣ 
950 |a 185-2000-09-13 
970 |a ΜΟΥΣΤΑΚΑ  |b ΠΗΝΕΛΟΠΗ  |z 2000/12/19